1001 inventions that changed the world since 2,600,000 BCE / (Record no. 24327)

MARC details
000 -LEADER
fixed length control field 00567nam a22001937a 4500
020 ## - INTERNATIONAL STANDARD BOOK NUMBER
ISBN 9789350096857
041 ## - LANGUAGE CODE
Language code of text/sound track or separate title English
082 ## - DEWEY DECIMAL CLASSIFICATION NUMBER
Classification number 609
Item number CHA
100 ## - MAIN ENTRY--AUTHOR NAME
Author name Challoner, Jack.
245 ## - TITLE STATEMENT
Title 1001 inventions that changed the world since 2,600,000 BCE /
Statement of responsibility, etc Jack Challoner.
260 ## - PUBLICATION, DISTRIBUTION, ETC. (IMPRINT)
Place of publication Gurgan :
Name of publisher Hachette Book ,
Year of publication 2009.
300 ## - PHYSICAL DESCRIPTION
Number of Pages 960 pages :
Other physical details illustrations ;
Dimensions 20 cm.
504 ## - BIBLIOGRAPHY, ETC. NOTE
Bibliography, etc Includes index.
650 ## - SUBJECT ADDED ENTRY--TOPICAL TERM
Subject Inventions
General subdivision History.
650 ## - SUBJECT ADDED ENTRY--TOPICAL TERM
Subject Technology
General subdivision History.
650 ## - SUBJECT ADDED ENTRY--TOPICAL TERM
Subject Scientific discoveries
General subdivision History.
942 ## - ADDED ENTRY ELEMENTS (KOHA)
Source of classification or shelving scheme Dewey Decimal Classification
Koha item type Books
Holdings
Withdrawn status Lost status Source of classification or shelving scheme Damaged status Not for loan Home library Current library Shelving location Date acquired Source of acquisition Cost, normal purchase price Full call number Accession Number Price effective from Koha item type
    Dewey Decimal Classification     Institute of Public Enterprise, Library Institute of Public Enterprise, Library S Campus 05/02/2026 Gifted by Prof. S. Sathish Kumar (IPE Faculty ) 2295.00 609 CHA 51036 05/02/2026 Books

Maintained and Designed by
2cqr automation private limited, Chennai. All Rights Reserved.

You are Visitor Number

PHP Hits Count